Defiant Wrestling Tag Team Champions - Statistics

General Stats
  • This quiz has been taken 11 times
    9 since last reset
  • The average score is 11 of 16
Answer Stats
Title Reigns Last Won Champion % Correct
1 2018 Jimmy Havoc
100%
1 2017 Jimmy Havoc
100%
1 2017 Primate
86%
1 2017 Will Ospreay
86%
1 2019 Ashley Dunn
71%
1 2017 Hanson
71%
1 2018 Mark Haskins
71%
1 2019 Benji
57%
1 2016 Johnny Moss
57%
1 2019 Kelly Sixx
57%
2 2018 Kyle Fletcher
57%
1 2016 Liam Slater
57%
2 2018 Mark Davis
57%
1 2017 Rowe
57%
1 2017 Scott Wainwright
57%
1 2019 Visage
57%
No matching quizzes found
Score Distribution
Percent of People with Each Score
Percentile by Number Answered
Your Score History
You have not taken this quiz since the last reset